[Event "HUN-chT2 Charousek 1718"]
[Site "Hungary"]
[Date "2017.12.03"]
[Round "3.11"]
[White "Horvath, Csongor Endre"]
[Black "Varga, Melinda"]
[Result "0-1"]
[WhiteElo "1836"]
[BlackElo "2132"]
[PlyCount "84"]
[EventDate "2017.10.29"]
[EventType "team-tourn"]
[EventRounds "9"]
[EventCountry "HUN"]
[SourceTitle "EXT 2020"]
[Source "ChessBase"]
[SourceDate "2019.10.17"]
[SourceVersion "1"]
[SourceVersionDate "2019.10.17"]
[SourceQuality "1"]
[WhiteTeam "Aquaprofit Nagykanizsa II"]
[BlackTeam "Haladas Szombathely II"]
[WhiteTeamCountry "HUN"]
[BlackTeamCountry "HUN"]

1. e4 c6 2. d3 d5 3. Nd2 e5 4. Ngf3 Bd6 5. g3 Ne7 6. Bg2 0-0 7. 0-0 Bg4 8. h3 Bh5 9. Re1 Nd7 10. Nf1 Qb6 11. g4 Bg6 12. Ng3 f6 13. Nh4 Rad8 14. Ngf5 Nxf5 15. gxf5 Bf7 16. Qg4 Rfe8 17. Bh6 Bf8 18. b3 Kh8 19. Be3 d4 20. Bd2 Bb4 21. Rad1 Bxd2 22. Rxd2 Qa5 23. Rde2 Qxa2 24. Kh2 Qa3 25. Rg1 Qf8 26. Ng6+ Bxg6 27. fxg6 h6 28. h4 Nc5 29. Bh3 Ne6 30. Qxe6 Rxe6 31. Bxe6 Qe7 32. Bf5 Qb4 33. Kg3 a5 34. f4 Qd6 35. Rf1 b5 36. fxe5 Qxe5+ 37. Kh3 Ra8 38. Bg4 a4 39. Rf5 Qb8 40. Rc5 a3 41. Re1 Qd6 42. Rf5 Qb4 0-1

[Event "HUN-chT U18"]
[Site "Budapest"]
[Date "2015.08.28"]
[Round "4.22"]
[White "Kassay, Lilla"]
[Black "Varga, Melinda"]
[Result "1/2-1/2"]
[WhiteElo "2017"]
[BlackElo "2135"]
[PlyCount "59"]
[EventDate "2015.08.26"]
[EventType "team-swiss"]
[EventRounds "8"]
[EventCountry "HUN"]
[SourceTitle "EXT 2016"]
[Source "ChessBase"]
[SourceDate "2015.10.08"]
[SourceVersion "1"]
[SourceVersionDate "2015.10.08"]
[SourceQuality "1"]

1. e4 c6 2. d4 d5 3. exd5 cxd5 4. Bd3 Nc6 5. c3 Nf6 6. Bf4 Bg4 7. Qb3 Qd7 8. Nd2 e6 9. Ngf3 Bd6 10. Bxd6 Qxd6 11. 0-0 Rb8 12. Rae1 0-0 13. Ne5 Bf5 14. Bxf5 exf5 15. Qc2 g6 16. Re3 Qc7 17. Nxc6 bxc6 18. f3 Qb6 19. b4 a5 20. a3 axb4 21. axb4 Ne8 22. Nb3 Nd6 23. Na5 Qb5 24. Qe2 Qa4 25. Re1 Rbc8 26. Qb2 Qb5 27. Qd2 Ra8 28. Qe2 Qb6 29. Re7 Rfe8 30. Qd2 1/2-1/2

[Event "Budapest Art Pub Cup 8th"]
[Site "Budapest"]
[Date "2015.07.10"]
[Round "3"]
[White "Fodor, Balazs"]
[Black "Varga, Melinda"]
[Result "0-1"]
[WhiteElo "1950"]
[BlackElo "2139"]
[PlyCount "50"]
[EventDate "2015.07.09"]
[EventType "swiss"]
[EventRounds "7"]
[EventCountry "HUN"]
[SourceTitle "CBM 167 Extra"]
[Source "ChessBase"]
[SourceDate "2015.09.14"]
[SourceVersion "1"]
[SourceVersionDate "2015.09.14"]
[SourceQuality "1"]

1. d4 d5 2. c4 c6 3. Nc3 Nf6 4. Nf3 dxc4 5. a4 Bf5 6. e3 e6 7. Bxc4 Bb4 8. 0-0 0-0 9. Qb3 Qb6 10. Nh4 Nbd7 11. Nxf5 exf5 12. Qc2 g6 13. b3 Qa5 14. Na2 Bd6 15. Bb2 Qd8 16. g3 Ng4 17. Nc1 Qg5 18. Kg2 Ndf6 19. Bd3 Nd5 20. Re1 f4 21. exf4 Nxf4+ 22. Kh1 Rfe8 23. Re4 Nh3 24. f4 Qd5 25. Kg2 Ne3+ 0-1

[Event "EU-chT U18 Girls"]
[Site "Iasi"]
[Date "2014.07.21"]
[Round "7.4"]
[White "Varga, Melinda"]
[Black "Marikova, Jana"]
[Result "0-1"]
[WhiteElo "2199"]
[BlackElo "2129"]
[PlyCount "142"]
[EventDate "2014.07.15"]
[EventType "team-swiss"]
[EventRounds "7"]
[EventCountry "ROU"]
[SourceTitle "CBM 161 Extra"]
[Source "ChessBase"]
[SourceDate "2014.08.29"]
[SourceVersion "1"]
[SourceVersionDate "2014.08.29"]
[SourceQuality "1"]
[WhiteTeam "Hungary U18 Girls"]
[BlackTeam "Czech Republic U18 Girls"]
[WhiteTeamCountry "HUN"]
[BlackTeamCountry "CZE"]

1. Nf3 Nf6 2. c4 g6 3. g3 Bg7 4. Bg2 0-0 5. d4 d6 6. Nc3 c6 7. 0-0 Qa5 8. e3 Qh5 9. Nd2 Qxd1 10. Rxd1 Bg4 11. Re1 Na6 12. a3 Nc7 13. b4 a6 14. Nb3 Rab8 15. e4 e5 16. d5 cxd5 17. exd5 b6 18. Be3 Bd7 19. Rab1 Ng4 20. Bg5 f6 21. Bd2 f5 22. c5 e4 23. cxd6 Ne8 24. Ne2 Nxd6 25. Bf4 Ne5 26. Ned4 Ndc4 27. Bf1 Rbc8 28. Bxe5 Bxe5 29. Rbc1 b5 30. a4 Bd6 31. Nc2 Ne5 32. Nd2 Nd3 33. Bxd3 exd3 34. Nd4 Bxb4 35. Rcd1 bxa4 36. Re3 Bb5 37. Nxb5 axb5 38. Rxd3 Bd6 39. Nf3 b4 40. Nd4 Rfe8 41. Nb5 Red8 42. Nxd6 Rxd6 43. Rd4 Rb8 44. Rb1 b3 45. Rxa4 Rxd5 46. Rb2 Rb7 47. Kf1 Kf7 48. Ra3 Rdb5 49. Ke2 Ke6 50. Kd3 Kd5 51. Kc3 Rb4 52. Kd3 h6 53. Ra5+ R7b5 54. Ra6 Rb6 55. Ra5+ Ke6 56. Kc3 Kf6 57. f4 g5 58. Ra6 Rxa6 59. Kxb4 Rb6+ 60. Kc3 Kg6 61. fxg5 Kxg5 62. h3 h5 63. Kd4 h4 64. gxh4+ Kxh4 65. Ke5 Rb5+ 66. Kf4 Kxh3 67. Kf3 Rb4 68. Rb1 Kh4 69. Rb2 Kg5 70. Kg3 f4+ 71. Kf3 Kf5 0-1

[Event "EU-chT U18 Girls"]
[Site "Iasi"]
[Date "2014.07.18"]
[Round "4.2"]
[White "Leonardi, Caterina"]
[Black "Varga, Melinda"]
[Result "0-1"]
[WhiteElo "1964"]
[BlackElo "2199"]
[PlyCount "106"]
[EventDate "2014.07.15"]
[EventType "team-swiss"]
[EventRounds "7"]
[EventCountry "ROU"]
[SourceTitle "CBM 161 Extra"]
[Source "ChessBase"]
[SourceDate "2014.08.29"]
[SourceVersion "1"]
[SourceVersionDate "2014.08.29"]
[SourceQuality "1"]
[WhiteTeam "Slovenia U18 Girls II"]
[BlackTeam "Hungary U18 Girls"]
[WhiteTeamCountry "SLO"]
[BlackTeamCountry "HUN"]

1. d4 d5 2. c4 c6 3. Nf3 Nf6 4. Nbd2 Bf5 5. g3 e6 6. Bg2 h6 7. 0-0 Be7 8. b3 Nbd7 9. Bb2 0-0 10. Ne5 a5 11. Ndf3 Be4 12. Bh3 a4 13. c5 Qa5 14. Qd2 Qb5 15. b4 a3 16. Bc3 Nb8 17. Ne1 Na6 18. f3 Bh7 19. N1d3 Nc7 20. Qf4 Bd8 21. Rfe1 Qa4 22. Rac1 Nb5 23. Bd2 Ne4 24. Qe3 Nxd2 25. Qxd2 Nxd4 26. Nxf7 Rxf7 27. Ne5 Nf5 28. e4 Re7 29. exf5 exf5 30. Nd3 Rxe1+ 31. Rxe1 Bf6 32. Nf4 Bg5 33. Qd4 Qc2 34. Re2 Bf6 35. Qe3 Qd1+ 36. Kg2 Bd4 37. Qe6+ Kh8 38. Bxf5 Rf8 39. Bxh7 Kxh7 40. Qg6+ Kh8 41. Re8 Rxe8 42. Qxe8+ Kh7 43. Qg6+ Kh8 44. Ne6 Kg8 45. Qe8+ Kh7 46. Nf8+ Kg8 47. Ng6+ Kh7 48. Ne7 Qe2+ 49. Kh3 Qe6+ 50. g4 Bc3 51. Qf8 Bf6 52. Nf5 Qe2 53. Nh4 Qf1+ 0-1

[Event "EU-chT U18 Girls"]
[Site "Iasi"]
[Date "2014.07.17"]
[Round "3.1"]
[White "Varga, Melinda"]
[Black "Unuk, Laura"]
[Result "0-1"]
[WhiteElo "2199"]
[BlackElo "2137"]
[PlyCount "142"]
[EventDate "2014.07.15"]
[EventType "team-swiss"]
[EventRounds "7"]
[EventCountry "ROU"]
[SourceTitle "CBM 161 Extra"]
[Source "ChessBase"]
[SourceDate "2014.08.29"]
[SourceVersion "1"]
[SourceVersionDate "2014.08.29"]
[SourceQuality "1"]
[WhiteTeam "Hungary U18 Girls"]
[BlackTeam "Slovenia U18 Girls"]
[WhiteTeamCountry "HUN"]
[BlackTeamCountry "SLO"]

1. Nf3 Nf6 2. c4 c5 3. Nc3 Nc6 4. g3 g6 5. d4 cxd4 6. Nxd4 Bg7 7. Bg2 0-0 8. 0-0 d6 9. Nxc6 bxc6 10. Bxc6 Rb8 11. Qa4 Bh3 12. Bg2 Bxg2 13. Kxg2 Qd7 14. Rb1 Qxa4 15. Nxa4 Rfc8 16. c5 dxc5 17. Be3 Rb4 18. Nxc5 Nd5 19. Nd3 Nxe3+ 20. fxe3 Rbc4 21. Rf4 e5 22. Rxc4 Rxc4 23. b3 Rc2 24. Rb2 Rc7 25. e4 f5 26. Nf2 Kf7 27. g4 Ke6 28. a4 Bf8 29. Rd2 Be7 30. Rd3 h5 31. exf5+ gxf5 32. gxh5 e4 33. Rg3 Bf8 34. Nh3 Ke5 35. Rg8 Bh6 36. Rg6 Rh7 37. Ng5 Bxg5 38. Rxg5 Kf4 39. h4 a5 40. e3+ Kxe3 41. Rxf5 Kd2 42. Rd5+ Ke2 43. Rxa5 e3 44. Re5 Kd2 45. b4 e2 46. b5 Rxh5 47. Rxh5 e1Q 48. Rg5 Qe4+ 49. Kg3 Qxa4 50. Rd5+ Ke3 51. Re5+ Kd4 52. Kf4 Qa8 53. Rf5 Qb8+ 54. Kg5 Ke4 55. Rf6 Qxb5+ 56. Kg6 Qe8+ 57. Kg5 Qe5+ 58. Kg6 Qg3+ 59. Kh5 Ke5 60. Rg6 Qf3+ 61. Kh6 Qf4+ 62. Kh5 Qf7 63. Kg5 Qf8 64. Kh5 Kf5 65. Rg5+ Ke6 66. Rg6+ Kf7 67. Kg5 Qe7+ 68. Kh5 Qe4 69. Rg5 Kf6 70. Kh6 Qxh4+ 71. Rh5 Qg4 0-1

[Event "Mitropa Cup (Women)"]
[Site "Ruzomberok"]
[Date "2014.05.30"]
[Round "8.2"]
[White "Mareckova, Martina"]
[Black "Varga, Melinda"]
[Result "0-1"]
[WhiteElo "2114"]
[BlackElo "2163"]
[PlyCount "66"]
[EventDate "2014.05.23"]
[EventType "team-tourn"]
[EventRounds "9"]
[EventCountry "SVK"]
[SourceTitle "CBM 160 Extra"]
[Source "ChessBase"]
[SourceDate "2014.07.01"]
[SourceVersion "1"]
[SourceVersionDate "2014.07.01"]
[SourceQuality "1"]
[WhiteTeam "Czech Republic (W)"]
[BlackTeam "Hungary (W)"]
[WhiteTeamCountry "CZE"]
[BlackTeamCountry "HUN"]

1. e4 c6 2. d4 d5 3. Nd2 dxe4 4. Nxe4 Bf5 5. Ng3 Bg6 6. h4 h6 7. Nf3 e6 8. Ne5 Bh7 9. Bd3 Bxd3 10. Qxd3 Nf6 11. Bd2 Be7 12. 0-0-0 0-0 13. f4 c5 14. Ne2 Qd5 15. Nc3 Qxd4 16. Qxd4 cxd4 17. Nb5 Na6 18. Nxd4 Rfd8 19. c3 Nc5 20. Kc2 Rac8 21. Ndf3 Nce4 22. Bc1 Nd5 23. Rhe1 Nc5 24. Kb1 b5 25. g3 Na4 26. Ka1 Bc5 27. Re2 Rd6 28. Red2 Ra6 29. Rd3 Bf2 30. Nd4 Nc5 31. Rf3 Bxd4 32. cxd4 Ne4 33. Re1 Nb4 0-1

[Event "Mitropa Cup (Women)"]
[Site "Ruzomberok"]
[Date "2014.05.25"]
[Round "3.1"]
[White "Kiolbasa, Oliwia"]
[Black "Varga, Melinda"]
[Result "0-1"]
[WhiteElo "2015"]
[BlackElo "2163"]
[PlyCount "112"]
[EventDate "2014.05.23"]
[EventType "team-tourn"]
[EventRounds "9"]
[EventCountry "SVK"]
[SourceTitle "CBM 160 Extra"]
[Source "ChessBase"]
[SourceDate "2014.07.01"]
[SourceVersion "1"]
[SourceVersionDate "2014.07.01"]
[SourceQuality "1"]
[WhiteTeam "Poland (W)"]
[BlackTeam "Hungary (W)"]
[WhiteTeamCountry "POL"]
[BlackTeamCountry "HUN"]

1. e4 c6 2. d4 d5 3. e5 Bf5 4. Nc3 e6 5. g4 Bg6 6. Nge2 h6 7. Be3 Nd7 8. Ng3 Qb6 9. Qd2 Qxb2 10. Rb1 Qa3 11. f4 0-0-0 12. Rb3 Qa5 13. Qc1 f6 14. Bd2 Qc7 15. Be2 Nb6 16. 0-0 Nc4 17. Bxc4 dxc4 18. Rb1 h5 19. gxh5 Bxh5 20. Nce4 f5 21. Ng5 Qd7 22. Qb2 Re8 23. Be3 Nh6 24. h3 Nf7 25. Nxh5 Rxh5 26. Nxf7 Qxf7 27. Rf3 Qd7 28. Kf2 Be7 29. Ke2 g5 30. fxg5 Bxg5 31. Rg1 Bxe3 32. Rxe3 f4 33. Rf3 Qh7 34. Rxf4 Rxh3 35. Rfg4 Rh2+ 36. Kd1 Rf8 37. Qc3 Qh6 38. Qe1 Qh3 39. R4g3 Qf5 40. Rc3 Rd8 41. Qe3 Rf2 42. Kc1 Rf1+ 43. Rxf1 Qxf1+ 44. Kb2 Rd5 45. a4 b5 46. Qh6 Qf7 47. Rg3 Rd7 48. Qh8+ Rd8 49. Rg7 c3+ 50. Ka3 Qf1 51. Qh7 Qa1+ 52. Kb4 Qxa4+ 53. Kxc3 Qa1+ 54. Kd2 Qxd4+ 55. Ke2 Qxe5+ 56. Kf3 Rf8+ 0-1

[Event "Mitropa Cup (Women)"]
[Site "Ruzomberok"]
[Date "2014.05.24"]
[Round "2.5"]
[White "Varga, Melinda"]
[Black "Brunello, Marina"]
[Result "1/2-1/2"]
[WhiteElo "2163"]
[BlackElo "2304"]
[PlyCount "102"]
[EventDate "2014.05.23"]
[EventType "team-tourn"]
[EventRounds "9"]
[EventCountry "SVK"]
[SourceTitle "CBM 160 Extra"]
[Source "ChessBase"]
[SourceDate "2014.07.01"]
[SourceVersion "1"]
[SourceVersionDate "2014.07.01"]
[SourceQuality "1"]
[WhiteTeam "Hungary (W)"]
[BlackTeam "Italy (W)"]
[WhiteTeamCountry "HUN"]
[BlackTeamCountry "ITA"]

1. Nf3 d5 2. g3 c6 3. Bg2 Bf5 4. 0-0 Nf6 5. d3 e6 6. Nbd2 h6 7. Qe1 Be7 8. e4 Bh7 9. Qe2 0-0 10. Ne5 Nbd7 11. Nxd7 Nxd7 12. Nb3 Bf6 13. f4 Qc7 14. e5 Be7 15. Be3 a5 16. Nd4 a4 17. b3 Bc5 18. Qf2 Qa5 19. Rab1 axb3 20. axb3 Qb4 21. Bh3 Bxd4 22. Bxd4 Ra2 23. Rb2 Rfa8 24. Rxa2 Rxa2 25. Ra1 Rxa1+ 26. Bxa1 Qa5 27. Bb2 Qa2 28. Bd4 Qb1+ 29. Kg2 Qd1 30. Be3 Bg6 31. Qd2 Bh5 32. Qxd1 Bxd1 33. c3 Bxb3 34. d4 Bc2 35. Kf2 Nb6 36. Bf1 Na4 37. Bd2 Nb2 38. Ke1 Bd3 39. Bc1 Bxf1 40. Bxb2 Bg2 41. Kf2 Bh3 42. Kf3 Kh7 43. Ba3 g5 44. fxg5 hxg5 45. Be7 Kg6 46. g4 Bf1 47. Bd8 Bd3 48. Bf6 Bc2 49. Kg3 Bd1 50. Bd8 Be2 51. Bf6 Bd1 1/2-1/2

[Event "HUN-ch (Women)"]
[Site "Heviz"]
[Date "2013.12.08"]
[Round "6"]
[White "Varga, Melinda"]
[Black "Rudolf, Anna"]
[Result "0-1"]
[WhiteElo "2184"]
[BlackElo "2302"]
[PlyCount "146"]
[EventDate "2013.12.03"]
[EventType "tourn"]
[EventRounds "9"]
[EventCountry "HUN"]
[SourceTitle "CBM 157 Extra"]
[Source "ChessBase"]
[SourceDate "2013.12.19"]
[SourceVersion "1"]
[SourceVersionDate "2013.12.19"]
[SourceQuality "1"]

1. Nf3 Nf6 2. c4 e6 3. g3 a6 4. Bg2 b5 5. d3 Bb7 6. Qb3 c5 7. 0-0 Nc6 8. Nc3 Na5 9. Qc2 b4 10. Na4 Be7 11. b3 0-0 12. Bb2 d6 13. d4 Be4 14. Qd1 Qc7 15. dxc5 dxc5 16. Qc1 Bc6 17. Ne5 Bxg2 18. Kxg2 Nc6 19. Qe3 Nxe5 20. Bxe5 Qc6+ 21. Qf3 Ne4 22. Kg1 f6 23. Bb2 Rfd8 24. Rad1 Rac8 25. Bc1 f5 26. h4 Bf6 27. Be3 Bd4 28. Rd3 Rd7 29. Rfd1 Rcd8 30. Kh2 Qc7 31. Kg1 h6 32. g4 Nf6 33. gxf5 exf5 34. Bxd4 Rxd4 35. Rxd4 cxd4 36. Qxf5 Re8 37. Qf3 Re4 38. e3 dxe3 39. fxe3 Rxh4 40. Rd4 Qh2+ 41. Kf1 Rxd4 42. exd4 Qxa2 43. d5 Qb1+ 44. Kg2 Qc2+ 45. Kg3 Qg6+ 46. Kf2 Ng4+ 47. Ke1 Qb1+ 48. Kd2 Qa2+ 49. Ke1 Qa1+ 50. Kd2 Qd4+ 51. Ke2 h5 52. c5 Ne5 53. Qxh5 Qe4+ 54. Kf1 Nd3 55. Qd1 Qe3 56. Kg2 Nf4+ 57. Kf1 Qh3+ 58. Kf2 Qg2+ 59. Ke3 Nxd5+ 60. Kd4 Nf4 61. Ke5 Qg5+ 62. Ke4 Ne6 63. Qd6 Qg2+ 64. Ke3 Qh3+ 65. Ke4 Qxb3 66. c6 Qc4+ 67. Ke5 Qe2+ 68. Kd5 Qa2+ 69. Ke5 Qe2+ 70. Kd5 Kf7 71. Nc5 Qd2+ 72. Ke5 Qf4+ 73. Kd5 Qd4# 0-1

[Event "EU-chT U18 Girls"]
[Site "Maribor"]
[Date "2013.07.10"]
[Round "5"]
[White "Franca, Veronika"]
[Black "Varga, Melinda"]
[Result "1/2-1/2"]
[WhiteElo "1940"]
[BlackElo "2216"]
[PlyCount "118"]
[EventDate "2013.07.06"]
[EventType "team-tourn"]
[EventRounds "7"]
[EventCountry "SLO"]
[SourceTitle "CBM 155 Extra"]
[Source "ChessBase"]
[SourceDate "2013.08.26"]
[SourceVersion "1"]
[SourceVersionDate "2013.08.26"]
[SourceQuality "1"]
[WhiteTeam "Slovenia U18 Girls"]
[BlackTeam "Hungary U18 Girls"]
[WhiteTeamCountry "SLO"]
[BlackTeamCountry "HUN"]

1. d4 d5 2. c4 c6 3. Nc3 Nf6 4. e3 e6 5. Nf3 Nbd7 6. Qc2 Bd6 7. Bd3 dxc4 8. Bxc4 b5 9. Bd3 Bb7 10. a3 0-0 11. 0-0 Qe7 12. e4 e5 13. dxe5 Nxe5 14. Nxe5 Bxe5 15. Ne2 c5 16. f4 c4 17. Bxc4 bxc4 18. fxe5 Qc5+ 19. Kh1 Nxe4 20. Nc3 Nxc3 21. Qxc3 Rad8 22. Bf4 Rd3 23. Qc2 Qd5 24. Rf2 Rd8 25. Raf1 Qe6 26. Kg1 R8d4 27. Qe2 Qg6 28. e6 f6 29. Qc2 Qe8 30. Re2 Be4 31. Rfe1 Qxe6 32. Be3 Rd7 33. Bxa7 f5 34. Qa4 Rd8 35. Bf2 Qd5 36. Bg3 h6 37. Qa7 Ra8 38. Qc7 Qe6 39. Qe5 Qd7 40. Qc7 Qa4 41. Qe7 Re8 42. Qc5 Red8 43. Qe7 Re8 44. Qc5 Kh7 45. Qc7 Red8 46. Qc5 Rd1 47. Qf2 Qb3 48. Be5 Qd3 49. Bc3 Rd6 50. Rxd1 Qxd1+ 51. Re1 Qd5 52. g3 Rd7 53. a4 Qd3 54. a5 Bb7 55. Rf1 Kg6 56. Qb6+ Kh7 57. Qc5 Rd5 58. Qb6 Rd7 59. Qc5 Bd5 1/2-1/2

[Event "EU-chT U18 Girls"]
[Site "Maribor"]
[Date "2013.07.08"]
[Round "3"]
[White "Schnegg, Anna Lena"]
[Black "Varga, Melinda"]
[Result "1-0"]
[WhiteElo "2104"]
[BlackElo "2216"]
[PlyCount "59"]
[EventDate "2013.07.06"]
[EventType "team-tourn"]
[EventRounds "7"]
[EventCountry "SLO"]
[SourceTitle "CBM 155 Extra"]
[Source "ChessBase"]
[SourceDate "2013.08.26"]
[SourceVersion "1"]
[SourceVersionDate "2013.08.26"]
[SourceQuality "1"]
[WhiteTeam "Austria U18 Girls"]
[BlackTeam "Hungary U18 Girls"]
[WhiteTeamCountry "AUT"]
[BlackTeamCountry "HUN"]

1. e4 c6 2. d4 d5 3. Nc3 dxe4 4. Nxe4 Bf5 5. Ng3 Bg6 6. h4 h6 7. Nf3 e6 8. Ne5 Bh7 9. Bd3 Bxd3 10. Qxd3 Nf6 11. Bd2 Be7 12. 0-0-0 0-0 13. Ne2 Nbd7 14. Nxd7 Qxd7 15. g4 Qd5 16. Nc3 Qa5 17. g5 Nd5 18. gxh6 g6 19. h7+ Kh8 20. Kb1 Nb4 21. Qe2 Qf5 22. Ne4 c5 23. dxc5 Nc6 24. Bc3+ e5 25. Nd6 Qf4 26. Bd2 Qa4 27. Bh6 Bxh4 28. Bxf8 Rxf8 29. f4 Bf6 30. fxe5 1-0

[Event "Zalakaros op 32nd"]
[Site "Zalakaros"]
[Date "2013.05.30"]
[Round "9"]
[White "Varga, Melinda"]
[Black "Peczely, Sebastian Zsombor"]
[Result "1/2-1/2"]
[WhiteElo "2213"]
[BlackElo "2147"]
[PlyCount "121"]
[EventDate "2013.05.22"]
[EventType "swiss"]
[EventRounds "9"]
[EventCountry "HUN"]
[SourceTitle "CBM 154 Extra"]
[Source "ChessBase"]
[SourceDate "2013.06.25"]
[SourceVersion "2"]
[SourceVersionDate "2013.06.25"]
[SourceQuality "1"]

1. Nf3 c5 2. c4 Nc6 3. Nc3 g6 4. e3 d6 5. d4 cxd4 6. exd4 Bg4 7. Be2 Bg7 8. 0-0 Nf6 9. d5 Bxf3 10. Bxf3 Ne5 11. Be2 h5 12. Be3 Qc8 13. Bd4 Neg4 14. h3 Nh6 15. Ne4 0-0 16. Nxf6+ Bxf6 17. Bxf6 exf6 18. Rc1 Nf5 19. Rc3 Kg7 20. b4 a5 21. a3 axb4 22. axb4 b6 23. g4 hxg4 24. hxg4 Nh4 25. Qd4 Qd8 26. Re3 Ra2 27. Bd3 Re8 28. g5 Rh8 29. Bb1 Ra4 30. Rh3 Rh5 31. Rxh4 Rxg5+ 32. Rg4 Rxg4+ 33. Qxg4 Rxb4 34. Kg2 Qc7 35. Bd3 Qc5 36. Qh3 Rb2 37. Qh4 Qe3 38. Qg3 Qd4 39. Rh1 Rd2 40. Bf1 g5 41. Qf3 Qe5 42. Bd3 Qd4 43. Be4 Rxf2+ 44. Qxf2 Qxe4+ 45. Qf3 Qxc4 46. Re1 b5 47. Qe4 Qc3 48. Re3 Qd2+ 49. Re2 Qd1 50. Rb2 Qc1 51. Rxb5 Qd2+ 52. Kg3 Qc3+ 53. Qf3 Qe1+ 54. Kh3 f5 55. Kg2 g4 56. Qd3 f4 57. Qd4+ Kg6 58. Qxf4 Qe2+ 59. Kg3 Qxb5 60. Qxd6+ f6 61. Kxg4 1/2-1/2

[Event "Zalakaros op 32nd"]
[Site "Zalakaros"]
[Date "2013.05.27"]
[Round "6"]
[White "Varga, Melinda"]
[Black "Wukits, Rene"]
[Result "1-0"]
[WhiteElo "2213"]
[BlackElo "2292"]
[PlyCount "76"]
[EventDate "2013.05.22"]
[EventType "swiss"]
[EventRounds "9"]
[EventCountry "HUN"]
[SourceTitle "CBM 154 Extra"]
[Source "ChessBase"]
[SourceDate "2013.06.25"]
[SourceVersion "2"]
[SourceVersionDate "2013.06.25"]
[SourceQuality "1"]

1. Nf3 Nf6 2. c4 c5 3. Nc3 e6 4. g3 b6 5. Bg2 Bb7 6. 0-0 Be7 7. Re1 Ne4 8. Qc2 Nxc3 9. dxc3 Qc7 10. Bf4 d6 11. Rad1 h6 12. e4 e5 13. Bc1 Nd7 14. Nd2 g6 15. Nf1 Nf6 16. Ne3 Kf8 17. f4 Kg7 18. Rf1 exf4 19. gxf4 Rab8 20. e5 dxe5 21. fxe5 Qxe5 22. Rde1 Qc7 23. Qf2 Rbf8 24. Bd5 Bc8 25. Kh1 Be6 26. Rg1 Kh7 27. Qg2 Rhg8 28. Bxe6 fxe6 29. Qh3 Nh5 30. Qxe6 Nf4 31. Qe4 Nh3 32. Ng4 Bh4 33. Re2 Re8 34. Ne5 Nxg1 35. Qxh4 Rg7 36. Qxh6+ Kg8 37. Kxg1 Rxe5 38. Bf4 Rh5 1-0

[Event "HUN-chT 1213"]
[Site "Hungary"]
[Date "2012.11.04"]
[Round "3"]
[White "Kovacs, Lajos M"]
[Black "Varga, Melinda"]
[Result "1/2-1/2"]
[WhiteElo "2229"]
[BlackElo "2201"]
[PlyCount "57"]
[EventDate "2012.09.16"]
[EventType "team-tourn"]
[EventRounds "9"]
[EventCountry "HUN"]
[SourceTitle "EXT 2013"]
[Source "ChessBase"]
[SourceDate "2012.11.22"]
[SourceVersion "1"]
[SourceVersionDate "2012.11.22"]
[SourceQuality "1"]
[WhiteTeam "Dunaharaszti"]
[BlackTeam "HVSE Infraplan"]
[WhiteTeamCountry "HUN"]
[BlackTeamCountry "HUN"]

1. d4 d5 2. Nf3 Nf6 3. c4 c6 4. e3 e6 5. Nc3 Nbd7 6. Qc2 Bd6 7. g4 Nxg4 8. Rg1 Nxh2 9. Nxh2 Bxh2 10. Rxg7 Nf8 11. Rg2 Bd6 12. Bd2 Ng6 13. 0-0-0 Nh4 14. Rg1 Nf3 15. Rh1 Nxd2 16. Rxd2 Qf6 17. Rxh7 Rxh7 18. Qxh7 Bd7 19. Qc2 Bb4 20. a3 Bxc3 21. Qxc3 0-0-0 22. Bd3 Rh8 23. f4 Qh4 24. Re2 dxc4 25. Bxc4 Qg3 26. Kc2 Rh1 27. Qd2 Rg1 28. Qa5 Rg2 29. Qxa7 1/2-1/2

[Event "HUN-chT U18"]
[Site "Budapest"]
[Date "2012.10.28"]
[Round "2.2"]
[White "Varga, Melinda"]
[Black "Lovas, Miklos"]
[Result "1-0"]
[WhiteElo "2201"]
[BlackElo "1943"]
[PlyCount "45"]
[EventDate "2012.10.28"]
[EventType "team-swiss"]
[EventRounds "8"]
[EventCountry "HUN"]
[SourceTitle "EXT 2020"]
[Source "ChessBase"]
[SourceDate "2019.10.17"]
[SourceVersion "1"]
[SourceVersionDate "2019.10.17"]
[SourceQuality "1"]

1. Nf3 d5 2. g3 Nc6 3. d4 Bg4 4. Bg2 e6 5. 0-0 Nf6 6. c4 Be7 7. Ne5 0-0 8. Nxg4 Nxg4 9. e4 Nf6 10. e5 Ne4 11. f3 Ng5 12. h4 dxc4 13. Be3 Nb4 14. hxg5 Nd5 15. Bf2 Bxg5 16. f4 Be7 17. Be4 c6 18. Qc2 f5 19. exf6 Nxf6 20. Qxc4 Qb6 21. Qxe6+ Rf7 22. Nd2 Re8 23. Nc4 1-0

[Event "EU-ch U16 Girls"]
[Site "Prague"]
[Date "2012.08.23"]
[Round "7"]
[White "Varga, Melinda"]
[Black "Ivanova, Simoneta"]
[Result "1/2-1/2"]
[WhiteElo "2232"]
[BlackElo "1952"]
[PlyCount "89"]
[EventDate "2012.08.17"]
[EventType "swiss"]
[EventRounds "9"]
[EventCountry "CZE"]
[SourceTitle "CBM 150 Extra"]
[Source "ChessBase"]
[SourceDate "2012.10.19"]
[SourceVersion "1"]
[SourceVersionDate "2012.10.19"]
[SourceQuality "1"]

1. Nf3 d5 2. g3 c6 3. Bg2 Bg4 4. c4 e6 5. 0-0 Nf6 6. d3 Be7 7. Nc3 0-0 8. Ne5 Bh5 9. Qc2 Nbd7 10. Nxd7 Qxd7 11. cxd5 cxd5 12. e4 d4 13. Ne2 Rac8 14. Qd1 Rc5 15. f3 e5 16. b4 Rb5 17. a3 a5 18. bxa5 Rxa5 19. Qb3 Rb8 20. g4 Bg6 21. h3 Qb5 22. Qxb5 Rxb5 23. f4 exf4 24. Nxf4 Nd7 25. Rf2 Bd6 26. Nd5 Rb3 27. Bf1 Nc5 28. Rd2 Na4 29. Rc2 Nc3 30. Rb2 Rxa3 31. Rxa3 Bxa3 32. Rc2 Bxc1 33. Rxc1 Nxd5 34. exd5 f5 35. Rc4 fxg4 36. hxg4 h5 37. Rxd4 hxg4 38. Rxg4 Bf5 39. Rf4 g6 40. Rb4 Rd8 41. Rb5 b6 42. Rxb6 Rxd5 43. Kf2 Bxd3 44. Bxd3 Rxd3 45. Rxg6+ 1/2-1/2

[Event "EU-ch U16 Girls"]
[Site "Prague"]
[Date "2012.08.17"]
[Round "1"]
[White "Varga, Melinda"]
[Black "Skakun, Valentina"]
[Result "1-0"]
[WhiteElo "2232"]
[BlackElo "1884"]
[PlyCount "55"]
[EventDate "2012.08.17"]
[EventType "swiss"]
[EventRounds "9"]
[EventCountry "CZE"]
[SourceTitle "CBM 150 Extra"]
[Source "ChessBase"]
[SourceDate "2012.10.19"]
[SourceVersion "1"]
[SourceVersionDate "2012.10.19"]
[SourceQuality "1"]

1. Nf3 c5 2. c4 g6 3. e4 Bg7 4. d4 Qa5+ 5. Nc3 d6 6. d5 Bxc3+ 7. bxc3 Nf6 8. Qc2 Nxe4 9. Bd3 Nf6 10. 0-0 0-0 11. Nd2 Nbd7 12. f4 b5 13. Rb1 bxc4 14. Nxc4 Qc7 15. f5 Kg7 16. Qd2 Ng8 17. Qe2 Bb7 18. Ne3 Ndf6 19. c4 e5 20. dxe6 fxe6 21. fxe6 Rae8 22. Ng4 Nxg4 23. Rxf8 Rxf8 24. Qxg4 Nf6 25. Qh4 Ng8 26. e7 Re8 27. Bb2+ Kf7 28. Qxh7+ 1-0